Statistics for Four Letter Band Names

Click here to take the quiz!

General Stats

  • This quiz has been taken 1,141 times
  • The average score is 8 of 18

Answer Stats

Hint Answer % Correct
Sweden's greatest cultural exportABBA
83%
George Michael and Andrew RidgeleyWham
75%
I bless the rains down in AfricaToto
73%
The Thunder from Down UnderAC/DC
71%
Hiya Barbie, Hi Ken. Wanna go for a ride?Aqua
58%
Australian rockers with an "excess" of hitsINXS
58%
Paul, Gene, Ace and PeterKiss
53%
Alt. Rock "Loser" from the 90'sBeck
50%
Woo Hoo! for Song 2Blur
50%
Crack That Whip!Devo
47%
Canadian prog rockersRush
43%
Domo ArigatoStyx
34%
Rodentia from the 1980's Sunset StripRatt
24%
Dyslexic Vegetable/DreadlocksKoRn
23%
Satirical metal band led by frontman Oderus UrungusGwar
17%
Paul Rodger's band before Bad CompanyFree
16%
Northern Ireland band that launched Van Morrison's careerThem
12%
LA punk band led by Lee VingFear
4%

Score Distribution

Percentile by Number Answered

Percent of People with Each Score

Your Score History

You have not taken this quiz